00476cam a22001574a 4500020002800000082001600028100002500044245003100069250001200100260004800112300003700160500002400197650003900221650003900260700001900299 a0072282827 (alk. paper)00a658.049 HOD1 aHodgetts, Richard M.10aInternational management : a4th ed. aBoston, Mass. :bIrwin/McGraw-Hill,cc2000. axxiv, 595 p. :bill., col. map ; aCol. map in pocket. 0aInternational business enterprises 0aInternational business enterprises1 aLuthans, Fred.